[Event "I Trofeo Giorgio Porreca"]
[Site "Napoli ITA"]
[Date "2011.11.03"]
[Round "6"]
[White "Sgammato, Francesco"]
[Black "Esposito, Pino"]
[Result "1/2-1/2"]
[WhiteElo "1698"]
[BlackElo "1842"]
[PlyCount "83"]
[EventDate "2011.09.22"]

1. c4 g6 2. Nc3 Bg7 3. g3 e5 4. Bg2 Ne7 5. d3 O-O 6. Bg5 c6 7. Bxe7 Qxe7 8. Qb3
d6 9. Nf3 Nd7 10. O-O Nc5 11. Qc2 a5 12. Nd2 f5 13. Rab1 Be6 14. b4 axb4 15.
Rxb4 Ra7 16. e4 Kh8 17. Rfb1 f4 18. Nb3 f3 19. Bh1 Bh3 20. Nxc5 dxc5 21. R4b2
Qd7 22. Nd1 Bh6 23. Qc3 Qe7 24. a4 Kg8 25. a5 Qc7 26. Qa3 Qe7 27. Qc3 Rf6 28.
Rb6 Bg4 29. R1b3 Rd6 30. Nb2 Bg7 31. Qe1 Qd7 32. Qd1 Rf6 33. Qe1 Bh3 34. Na4
Bf8 35. Qe3 Bg2 36. Bxg2 fxg2 37. Kxg2 Qf7 38. Nc3 Kh8 39. Nd1 Rd6 40. Qe1 Rd7
41. Ra3 Ra8 42. a6 1/2-1/2

[Event "I Trofeo Giorgio Porreca"]
[Site "Napoli ITA"]
[Date "2011.11.03"]
[Round "6"]
[White "Di Gennaro, Antonio"]
[Black "Somma, Andrea"]
[Result "0-1"]
[WhiteElo "1674"]
[BlackElo "1781"]
[PlyCount "120"]
[EventDate "2011.09.22"]

1. e4 d5 2. exd5 Qxd5 3. Nf3 Nf6 4. d4 c6 5. Be2 Qa5+ 6. Bd2 Qc7 7. c4 Bf5 8.
Nc3 e6 9. O-O Bd6 10. c5 Be7 11. b4 O-O 12. Ne5 Ne4 13. g4 Nxc3 14. Bxc3 Be4
15. f3 Bg6 16. Qe1 Nd7 17. Nxg6 hxg6 18. Qg3 Qxg3+ 19. hxg3 Nf6 20. Kg2 Nd5 21.
Bd2 Bf6 22. Rab1 Bxd4 23. Rbd1 Bc3 24. a3 Rad8 25. Bc1 a5 26. bxa5 Bxa5 27. Bc4
Nc3 28. Rd2 Rxd2+ 29. Bxd2 Rd8 30. Bxc3 Bxc3 31. Rc1 Bb2 32. Rb1 Rd2+ 33. Kf1
Bxa3 34. Rxb7 Bxc5 35. Be2 Bd4 36. Rb8+ Kh7 37. Rb7 f5 38. g5 Rc2 39. Rb1 e5
40. Ke1 Be3 41. Kd1 Rd2+ 42. Ke1 Bxg5 43. f4 Rxe2+ 44. Kxe2 exf4 45. Rh1+ Kg8
46. Kf3 fxg3 47. Kxg3 Be3 48. Kf3 f4 49. Rh2 Kf7 50. Rg2 Kf6 51. Rg4 Kf5 52.
Rg2 g5 53. Rg4 c5 54. Rg2 g6 55. Rg4 c4 56. Rg2 c3 57. Ra2 g4+ 58. Ke2 Ke4 59.
Ra4+ Bd4 60. Ra2 f3+ 0-1

[Event "I Trofeo Giorgio Porreca"]
[Site "Napoli ITA"]
[Date "2011.11.03"]
[Round "6"]
[White "Somma, Erminio"]
[Black "Sparice, Lorenzo"]
[Result "1-0"]
[WhiteElo "1673"]
[BlackElo "1374"]
[PlyCount "47"]
[EventDate "2011.09.22"]

1. d4 b6 2. e4 e6 3. Nf3 Bb7 4. Bd3 Nf6 5. Nbd2 a6 6. O-O d6 7. c4 Be7 8. d5
exd5 9. exd5 c6 10. dxc6 Bxc6 11. b3 O-O 12. Bb2 Re8 13. Re1 Nbd7 14. Qc2 Bf8
15. Rxe8 Qxe8 16. Re1 Qb8 17. Ne4 Qb7 18. Nxf6+ Nxf6 19. Bxf6 Bxf3 20. Bxh7+
Kh8 21. Bd4 Bxg2 22. Be4 Bxe4 23. Rxe4 b5 24. Rh4+ 1-0

[Event "I Trofeo Giorgio Porreca"]
[Site "Napoli ITA"]
[Date "2011.11.10"]
[Round "7"]
[White "Messina, Enrico"]
[Black "Seletsky, Grigory"]
[Result "1/2-1/2"]
[WhiteElo "2125"]
[BlackElo "2280"]
[PlyCount "125"]
[EventDate "2011.09.22"]

1. e4 e6 2. d4 d5 3. Nd2 c5 4. exd5 Qxd5 5. Ngf3 cxd4 6. Bc4 Qd6 7. O-O Nf6 8.
Nb3 Nc6 9. Nbxd4 Nxd4 10. Qxd4 Qxd4 11. Nxd4 a6 12. Bf4 Bd7 13. Rad1 Bc5 14.
Rfe1 O-O-O 15. Rd3 Bxd4 16. Rxd4 Bc6 17. Red1 Rxd4 18. Rxd4 Re8 19. Be5 Nd7 20.
Bd6 Nf6 21. Be5 Rd8 22. Rxd8+ Kxd8 23. f3 Ke7 24. Kf2 g5 25. Bd3 h5 26. Bxf6+
Kxf6 27. Ke3 h4 28. g3 hxg3 29. hxg3 Ke5 30. c4 a5 31. b3 Kd6 32. a3 Kc5 33. f4
gxf4+ 34. gxf4 f6 35. Be2 b6 36. Kd3 b5 37. Kc3 b4+ 38. axb4+ axb4+ 39. Kd3 Be8
40. Ke3 Bg6 41. Bd3 Bh5 42. Bc2 Bg4 43. f5 e5 44. Ke4 Be2 45. Ke3 Bf1 46. Ke4
Bg2+ 47. Ke3 Bh3 48. Ke4 Bg2+ 49. Ke3 Bf1 50. Ke4 Bxc4 51. bxc4 Kxc4 52. Ba4 b3
53. Bxb3+ Kxb3 54. Kd5 Kc3 55. Ke6 e4 56. Kxf6 e3 57. Kg7 e2 58. f6 e1=Q 59. f7
Qe5+ 60. Kg8 Qg5+ 61. Kh8 Qf6+ 62. Kg8 Qg6+ 63. Kh8 1/2-1/2

[Event "I Trofeo Giorgio Porreca"]
[Site "Napoli ITA"]
[Date "2011.11.10"]
[Round "7"]
[White "Rosato, Luciano"]
[Black "Ceglio, Fulvio"]
[Result "1-0"]
[WhiteElo "2251"]
[BlackElo "2040"]
[PlyCount "69"]
[EventDate "2011.09.22"]

1. d4 f5 2. h3 d5 3. Bg5 Nf6 4. Bxf6 exf6 5. e3 Be6 6. Bd3 Nc6 7. c3 Bd6 8. Ne2
Ne7 9. Nd2 c6 10. Qc2 g6 11. h4 Qd7 12. O-O-O a5 13. Nf4 Bf7 14. Nf1 b5 15. Ng3
h5 16. Kb1 Rc8 17. Nge2 O-O 18. g4 hxg4 19. h5 Kg7 20. hxg6 Bxg6 21. Nxg6 Kxg6
22. f3 Rh8 23. fxg4 Kf7 24. gxf5 Rcg8 25. e4 Bh2 26. Nc1 Bf4 27. Nb3 Qc7 28.
Nc5 Rh2 29. Rxh2 Bxh2 30. e5 Bg1 31. e6+ Ke8 32. Nd7 Kd8 33. Nxf6 Rg5 34. Nd7
Ng8 35. f6 1-0

[Event "I Trofeo Giorgio Porreca"]
[Site "Napoli ITA"]
[Date "2011.11.10"]
[Round "7"]
[White "Grasso, Nino"]
[Black "Ambrosio, Giuseppe"]
[Result "1/2-1/2"]
[WhiteElo "2003"]
[BlackElo "2059"]
[PlyCount "67"]
[EventDate "2011.09.22"]

1. e4 c5 2. d4 cxd4 3. c3 dxc3 4. Nxc3 e6 5. Nf3 Bc5 6. Bc4 Ne7 7. Bg5 f6 8.
Bh4 Nbc6 9. O-O Ng6 10. Bg3 O-O 11. Qe2 Nge5 12. Nxe5 fxe5 13. Rad1 Qe7 14. Nd5
Qg5 15. Ne3 Kh8 16. a3 a5 17. Ba2 b6 18. Nc4 Nd4 19. Qd2 Qxd2 20. Rxd2 d6 21.
Nxd6 Bxd6 22. Rxd4 exd4 23. Bxd6 Ba6 24. Rd1 Rfc8 25. Bxe6 Rc2 26. f4 d3 27.
Be5 Re8 28. Bg4 Kg8 29. Bf3 g5 30. g3 h6 31. Bc3 Bc4 32. e5 b5 33. Be4 Rd8 34.
Bxa5 1/2-1/2

[Event "I Trofeo Giorgio Porreca"]
[Site "Napoli ITA"]
[Date "2011.11.10"]
[Round "7"]
[White "Donadio, Andrea"]
[Black "Gallo, Thomas Renato"]
[Result "1-0"]
[WhiteElo "1872"]
[BlackElo "1887"]
[PlyCount "83"]
[EventDate "2011.09.22"]

1. Nf3 Nf6 2. g3 d6 3. Bg2 g6 4. O-O Bg7 5. d3 O-O 6. e4 e5 7. Nbd2 a5 8. a4
Bd7 9. c3 Na6 10. Re1 c6 11. Nc4 Qc7 12. h3 Nc5 13. Be3 b6 14. b4 axb4 15. cxb4
Ne6 16. Bxb6 Qb8 17. a5 Rc8 18. Qd2 Ne8 19. Be3 Ra6 20. Nb6 Rc7 21. Bf1 Nd4 22.
Nxd4 exd4 23. Bf4 Rxb6 24. axb6 Qxb6 25. Ra8 Rc8 26. Rea1 Qd8 27. Qa2 Nc7 28.
Rxc8 Bxc8 29. h4 Ne6 30. Bd2 Bb7 31. Qa5 Qe7 32. Qb6 Nd8 33. Bh3 Bf6 34. Ra7
Qe5 35. Ra5 d5 36. exd5 c5 37. Rxc5 Bxd5 38. Bg2 Qe2 39. Qxf6 Bxg2 40. Qxd8+
Kg7 41. Bh6+ Kxh6 42. Qf8# 1-0

[Event "I Trofeo Giorgio Porreca"]
[Site "Napoli ITA"]
[Date "2011.11.10"]
[Round "7"]
[White "Capone, Vincenzo"]
[Black "Caiazzo, Diego"]
[Result "1-0"]
[WhiteElo "2176"]
[BlackElo "1856"]
[PlyCount "53"]
[EventDate "2011.09.22"]

1. e4 e6 2. d4 d5 3. Nd2 dxe4 4. Nxe4 Nd7 5. Nf3 Ngf6 6. Nxf6+ Nxf6 7. Bd3 c5
8. dxc5 Bxc5 9. Qe2 Qc7 10. O-O O-O 11. c4 b6 12. Bg5 Bb7 13. Bh4 Rfd8 14. Ne5
Be7 15. Rad1 Rac8 16. Rfe1 Bd6 17. Ng4 Be7 18. Nxf6+ Bxf6 19. Bxf6 gxf6 20.
Qg4+ Kh8 21. Qh4 f5 22. Re3 Qc6 23. Qf6+ Kg8 24. Rg3+ Kf8 25. Rg7 Rd7 26. Bf1
Qc7 27. Rxh7 1-0

[Event "I Trofeo Giorgio Porreca"]
[Site "Napoli ITA"]
[Date "2011.11.10"]
[Round "7"]
[White "De Rosa, Francesco"]
[Black "Cosenza, Gianni"]
[Result "1/2-1/2"]
[WhiteElo "1968"]
[BlackElo "1952"]
[PlyCount "48"]
[EventDate "2011.09.22"]

1. d4 d5 2. Nf3 Bf5 3. c4 e6 4. Nc3 c6 5. Bg5 Be7 6. Bxe7 Qxe7 7. g3 h6 8. Rc1
Nf6 9. cxd5 exd5 10. a3 O-O 11. Bg2 Re8 12. O-O Nbd7 13. Re1 Nb6 14. Ne5 Nfd7
15. e4 dxe4 16. Nxe4 Nxe5 17. Nc5 Qc7 18. dxe5 Rad8 19. Qb3 Be6 20. Nxe6 Rxe6
21. f4 Re7 22. e6 fxe6 23. Rxe6 Rxe6 24. Qxe6+ Qf7 1/2-1/2

[Event "I Trofeo Giorgio Porreca"]
[Site "Napoli ITA"]
[Date "2011.11.10"]
[Round "7"]
[White "De Meo, Guido"]
[Black "Buiano, Fabio"]
[Result "0-1"]
[WhiteElo "1823"]
[BlackElo "2036"]
[PlyCount "122"]
[EventDate "2011.09.22"]

1. d4 d6 2. g3 e5 3. Nf3 e4 4. Nfd2 f5 5. Bg2 Nf6 6. c4 Be7 7. Nc3 O-O 8. O-O
c5 9. Nb3 Nc6 10. f3 exf3 11. Bxf3 cxd4 12. Nxd4 Qb6 13. e3 Nxd4 14. exd4 Bd7
15. Bd5+ Kh8 16. Rb1 Rae8 17. b4 Ng4 18. c5 Qc7 19. Qb3 Bf6 20. Qc4 Ne3 21.
Bxe3 Rxe3 22. Bf3 Bc6 23. Bxc6 bxc6 24. cxd6 Qxd6 25. Rbd1 Rfe8 26. b5 cxb5 27.
Nxb5 Qd7 28. Qc5 a6 29. Nd6 Be7 30. Nf7+ Kg8 31. Qxf5 Qxf5 32. Rxf5 Rf8 33.
Rdf1 Rd3 34. R5f4 Rxd4 35. Ne5 Rfxf4 36. gxf4 Rd2 37. a4 Bf6 38. Nc6 Rc2 39.
Nb4 Rc4 40. Nxa6 Rxa4 41. Nc7 Kf7 42. Nd5 Bd4+ 43. Kg2 Ke6 44. Nc7+ Kf5 45. Nb5
Bf6 46. Kg3 Rb4 47. Nc7 Rb3+ 48. Kg2 Rd3 49. Na6 h5 50. Nc5 Rd2+ 51. Kh3 Rd5
52. Nb7 Rd3+ 53. Kg2 h4 54. Nc5 h3+ 55. Kh1 Rd5 56. Nb3 Bd8 57. Nc1 Rd2 58. Nb3
Rd3 59. Nc1 Re3 60. Na2 Be7 61. Nb4 Bxb4 0-1

[Event "I Trofeo Giorgio Porreca"]
[Site "Napoli ITA"]
[Date "2011.11.10"]
[Round "7"]
[White "D'Errico, Francesco"]
[Black "Borrelli, Salvatore"]
[Result "0-1"]
[WhiteElo "1788"]
[BlackElo "1961"]
[PlyCount "94"]
[EventDate "2011.09.22"]

1. d4 Nf6 2. Nf3 d5 3. Bf4 c5 4. c3 Qb6 5. Qc2 Nc6 6. e3 cxd4 7. exd4 Bf5 8.
Qb3 e6 9. Qxb6 axb6 10. Nbd2 Be7 11. Be2 O-O 12. O-O Rfc8 13. a3 Na5 14. h3 Bc2
15. Bb5 Nc4 16. Bxc4 dxc4 17. Rfe1 Nd5 18. Bh2 Ra5 19. Ne5 b5 20. Rac1 Ba4 21.
Nef3 Ra6 22. Nf1 Bd6 23. Bxd6 Rxd6 24. g3 f6 25. Ne3 Ne7 26. Re2 Nc6 27. Nf1
Re8 28. Rce1 Kf7 29. Kg2 g5 30. Kg1 h5 31. Kg2 Ne7 32. N3d2 b6 33. Ne4 Rd5 34.
Ned2 Rd6 35. Nh2 Ng6 36. Ndf3 b4 37. axb4 Bc6 38. Ra1 e5 39. Kf1 g4 40. hxg4
hxg4 41. Nd2 Rh8 42. Kg1 Rdd8 43. Ra7+ Ke6 44. dxe5 Rxh2 45. exf6+ Ne5 46. Ne4
Nf3+ 47. Kf1 Rd1+ 0-1

[Event "I Trofeo Giorgio Porreca"]
[Site "Napoli ITA"]
[Date "2011.11.10"]
[Round "7"]
[White "Condorelli, Pietro"]
[Black "Sgammato, Francesco"]
[Result "1/2-1/2"]
[WhiteElo "1785"]
[BlackElo "1698"]
[PlyCount "60"]
[EventDate "2011.09.22"]

1. e4 e6 2. d4 d5 3. Nd2 Nf6 4. e5 Nfd7 5. Bd3 c5 6. c3 Nc6 7. Ne2 cxd4 8. cxd4
Be7 9. O-O O-O 10. Nf3 f5 11. Ng3 a6 12. a3 b6 13. b4 b5 14. Bd2 Nb6 15. Rc1
Nc4 16. Rc3 Bd7 17. Bc1 Na7 18. Nd2 Bc6 19. Nh1 Nc8 20. Bc2 N8b6 21. Nb3 Be8
22. Nc5 Bf7 23. Rh3 a5 24. Nxe6 Bxe6 25. Qh5 h6 26. Bxh6 Bf7 27. Qxf5 g6 28.
Rg3 Nxe5 29. Bxf8 Bxf8 30. dxe5 Bg7 1/2-1/2

[Event "I Trofeo Giorgio Porreca"]
[Site "Napoli ITA"]
[Date "2011.11.10"]
[Round "7"]
[White "Schiappoli, Dario"]
[Black "Esposito, Rosario"]
[Result "1-0"]
[WhiteElo "1929"]
[BlackElo "1859"]
[PlyCount "43"]
[EventDate "2011.09.22"]

1. e4 c5 2. Nf3 e6 3. d4 cxd4 4. Nxd4 Nc6 5. Nc3 a6 6. Be3 Qc7 7. a3 Nf6 8. Be2
Be7 9. f4 d6 10. O-O Bd7 11. Nb3 O-O 12. g4 Na5 13. g5 Ne8 14. Nxa5 Qxa5 15.
Qe1 Bc6 16. Qf2 Qc7 17. Rad1 f6 18. Qh4 fxg5 19. fxg5 Rxf1+ 20. Rxf1 d5 21. Bg4
Qe5 22. Qf2 1-0

[Event "I Trofeo Giorgio Porreca"]
[Site "Napoli ITA"]
[Date "2011.11.10"]
[Round "7"]
[White "Somma, Andrea"]
[Black "Solombrino, Giovanni"]
[Result "0-1"]
[WhiteElo "1781"]
[BlackElo "1850"]
[PlyCount "124"]
[EventDate "2011.09.22"]

1. e4 c5 2. Nf3 Nc6 3. d4 cxd4 4. Nxd4 g6 5. Nc3 Bg7 6. Be3 Nf6 7. Bc4 O-O 8.
f3 Qb6 9. Bb3 Nxe4 10. Nf5 Nxc3 11. Qd2 Ne4 12. fxe4 Qb4 13. Qxb4 Nxb4 14.
Nxe7+ Kh8 15. Bc5 Na6 16. Bd6 Bxb2 17. Rb1 Bc3+ 18. Kd1 Bb4 19. Nxc8 Rfxc8 20.
Bxb4 Nxb4 21. Bxf7 Nxc2 22. Rxb7 Ne3+ 23. Ke2 Ng4 24. Bd5 Rc2+ 25. Kf3 Ne5+ 26.
Ke3 Rxg2 27. Rc7 Rf8 28. Bb3 Rf3+ 29. Kd4 Nc6+ 30. Kc4 Na5+ 31. Kb4 Nc6+ 32.
Ka3 Ne5 33. Rxa7 Re2 34. Rc1 Rxe4 35. Rc8+ Kg7 36. Raa8 Nc4+ 37. Kb4 Nb6+ 38.
Kc5 Nxc8 39. Rxc8 Rc3+ 40. Kd5 Rxc8 41. Kxe4 Kf6 42. Kd5 Ke7 43. a4 d6 44. Kd4
Rc5 45. Bc4 g5 46. h3 h5 47. Be2 Ra5 48. Bb5 g4 49. hxg4 hxg4 50. Ke3 Kf6 51.
Kf4 g3 52. Kxg3 Ke5 53. Kf3 Kd4 54. Ke2 Kc3 55. Ke3 d5 56. Kf4 d4 57. Ke4 Ra7
58. Kf3 Re7 59. a5 Kb4 60. Bc6 Kxa5 61. Bd5 Kb4 62. Ba2 Kc3 0-1

[Event "I Trofeo Giorgio Porreca"]
[Site "Napoli ITA"]
[Date "2011.11.10"]
[Round "7"]
[White "Sparice, Lorenzo"]
[Black "Petteruti, Antonio"]
[Result "0-1"]
[WhiteElo "1374"]
[BlackElo "1721"]
[PlyCount "120"]
[EventDate "2011.09.22"]

1. e4 e6 2. d4 d5 3. e5 Ne7 4. Nf3 Nf5 5. c3 c5 6. Bg5 Be7 7. Bxe7 Qxe7 8. Na3
a6 9. Bd3 Nh6 10. Nc2 c4 11. Be2 Bd7 12. Ne3 Nc6 13. b3 b5 14. O-O O-O 15. Nc2
Nf5 16. b4 a5 17. Qd2 axb4 18. Nxb4 Nxb4 19. cxb4 Ra4 20. a3 Rfa8 21. Qc3 Nh4
22. Bd1 R4a6 23. h3 Ng6 24. Re1 Nf4 25. Bc2 g6 26. g3 Nxh3+ 27. Kg2 Ng5 28. Rh1
Ne4 29. Qe3 f5 30. exf6 Nxf6 31. Ne5 Qg7 32. f3 Be8 33. Kf2 Nd7 34. Ng4 Bf7 35.
f4 h5 36. Ne5 Nxe5 37. fxe5 Kf8 38. Ke2 Ke8 39. Kd2 Kd7 40. Kc1 g5 41. Qf3 g4
42. Qe3 Bg6 43. Bd1 Qf7 44. Rh2 Bd3 45. Kb2 Qg6 46. Qd2 Rf8 47. Be2 Bxe2 48.
Qxe2 Rf3 49. Qc2 Rb3+ 50. Kc1 Qh6+ 51. Rd2 Rbxa3 52. Rxa3 Rxa3 53. Kb1 Rb3+ 54.
Ka2 Rxb4 55. Rf2 Ra4+ 56. Kb1 Ke7 57. Rf6 Qg7 58. Qg6 Qxg6+ 59. Rxg6 Ra3 60.
Rh6 Rxg3 0-1